000 00912nas a2200265 4500
001 BR8500215
003 BR-BrBNA
005 20231205090053.0
007 ta
008 230509b bl.|||p| |||| 00| 00por d
040 _aBR-BrBNA
_bpor
_cBiblioteca Nacional de Agricultura
041 _a(Pt)
072 _aL50; L74
100 1 _aPacheco, R.G.
100 1 _aBotelho, G.G.
245 1 _aAspectos hematologicos e bioquimicos de caes experimentalmente intoxicados com sulfato de talio
246 1 _aHematological and biochemical aspects of dogs experimentally intoxicated with thallium sulphate
650 _aCAO
650 _aHEMATOLOGIA
650 _aBIOQUIMICA ANIMAL
650 _aINTOXICACAO ANIMAL
773 0 _tRevista Brasileira de Medicina Veterinaria (Brazil)
_xISSN 0100-2430
_g(Jul-Aug 1984), v. 6(3) p. 78-81
_wBR8500215
909 _a202311
_bLúcia
_c55
_dLúcia Elande
942 _2AGRIS
_n0
_cANA
999 _c115945
_d115945